000 00551 a2200181 4500
003 OSt
005 20240202111436.0
008 240202b |||||||| |||| 00| 0 eng d
020 _a9789391899479
040 _coclc
082 _a297
_bPON/N
100 _aPonmundam, Abdul Aziz Ansari
_910354
245 _aNAVANASTHIKARUDE ISLAM VIMARSHANANGAL /
_cAbdul Aziz Ansari Ponmundam
250 _a1st ed.
260 _aKozhikode:
_bIslamic Publishing House,
_c2022.
300 _a351p.
942 _2ddc
_cBK
_h297
_iPON/N
_k297
_mPON/N
999 _c43412
_d43412